| 000 | 01200cam a2200313 a 4500 | ||
|---|---|---|---|
| 001 | 516 | ||
| 005 | 20250828094646.0 | ||
| 020 | _a9780805081503 (hc. : alk. paper) | ||
| 020 | _a080508150X (hc. : alk. paper) | ||
| 040 |
_aDLC _cDLC _dBKX _dBTCTA _dBAKER _dLF8 _dYDXCP _dEHH _dIXA _dVP@ _dDLC _beng |
||
| 050 | 0 | 0 |
_aPZ7.J675 _bEm 2007 |
| 082 | 0 | 0 |
_a813.6 _222 |
| 100 | 1 | _aJonell, Lynne. | |
| 245 | 1 | 0 |
_aEmmy and the incredible shrinking rat / _cLynne Jonell ; art by Jonathan Bean. |
| 250 | _a1st ed. | ||
| 260 |
_aNew York : _bH. Holt, _c2007. |
||
| 300 |
_a346 pages : _billustrations ; _c22 cm. |
||
| 505 | _aM | ||
| 520 | _aWhen Emmy discovers that she and her formerly loving parents are being drugged by their evil nanny with rodent potions that can change people in frightening ways, she and some new friends must try everything possible to return things to normal. | ||
| 521 |
_a690
_bLexile |
||
| 521 |
_aM
_bRaz-Plus |
||
| 650 | 0 |
_aRodents _vJuvenile fiction. |
|
| 650 | 1 |
_aRodents _vFiction. |
|
| 650 | 1 | _aHumorous stories. | |
| 655 | 7 |
_aHumorous fiction. _2gsafd |
|
| 700 | 1 |
_aBean, Jonathan, _d1979- _eill. |
|
| 906 |
_a7 _bcbc _corignew _d1 _eecip _f20 _gy-gencatlg |
||
| 942 |
_2ddc _cBK _n0 |
||
| 999 |
_c516 _d516 |
||